[Event "SVR-ch HT 29th"]
[Site "Koblenz"]
[Date "2006.04.13"]
[Round "4"]
[White "Heinz, Nina"]
[Black "Schloeffel, Florian"]
[Result "0-1"]
[WhiteElo "1090"]
[BlackElo "814"]
[PlyCount "118"]
[EventDate "2006.04.08"]
[EventType "swiss"]
[EventRounds "7"]
[EventCountry "GER"]
[SourceTitle "EXT 2009"]
[Source "ChessBase"]
[SourceDate "2008.11.26"]
[SourceVersion "1"]
[SourceVersionDate "2008.11.26"]
[SourceQuality "1"]

1. e4 e5 2. Nf3 Nc6 3. Bc4 Nf6 4. d3 Bc5 5. Be3 Bxe3 6. fxe3 0-0 7. Nc3 d6 8. 0-0 Ng4 9. Qe2 Be6 10. Nd5 Na5 11. Bb3 Nxb3 12. axb3 c6 13. Nc3 Qb6 14. d4 f6 15. Na4 Qb4 16. Rad1 f5 17. d5 cxd5 18. exd5 Bd7 19. Nc3 Qc5 20. Rd2 Nxe3 21. Rf2 Ng4 22. Na4 Qxf2+ 23. Qxf2 Nxf2 24. Rxf2 Bxa4 25. bxa4 Rac8 26. Ng5 h6 27. Ne6 Rf6 28. b4 Rc4 29. c3 Rxc3 30. Rb2 b6 31. a5 bxa5 32. bxa5 Ra3 33. Rb8+ Kh7 34. Nf8+ Kg8 35. Nd7+ Kf7 36. Nxf6 Kxf6 37. Rb7 Rxa5 38. Rd7 Rxd5 39. Rxa7 g5 40. Ra8 f4 41. Rf8+ Kg7 42. Rb8 e4 43. Kf2 Rd2+ 44. Ke1 Rxg2 45. Re8 e3 46. Re4 Kf6 47. h3 f3 48. Rxe3 Re2+ 49. Rxe2 fxe2 50. Kxe2 Kf5 51. Kf3 h5 52. Kg3 d5 53. Kf2 Ke4 54. Ke2 d4 55. Kd2 d3 56. Kd1 Ke3 57. Ke1 h4 58. Kd1 d2 59. Kc2 Ke2 0-1

[Event "SVR-ch HT 29th"]
[Site "Koblenz"]
[Date "2006.04.09"]
[Round "3"]
[White "Griesinger, Christian"]
[Black "Heinz, Nina"]
[Result "1-0"]
[WhiteElo "1767"]
[BlackElo "1090"]
[PlyCount "107"]
[EventDate "2006.04.08"]
[EventType "swiss"]
[EventRounds "7"]
[EventCountry "GER"]
[SourceTitle "EXT 2009"]
[Source "ChessBase"]
[SourceDate "2008.11.26"]
[SourceVersion "1"]
[SourceVersionDate "2008.11.26"]
[SourceQuality "1"]

1. e4 c5 2. Nf3 Nc6 3. c4 d6 4. Be2 g6 5. Nc3 Bg7 6. 0-0 Nf6 7. h3 0-0 8. d4 Nxd4 9. Nxd4 cxd4 10. Qxd4 Bd7 11. Rb1 Bc6 12. Qd3 a5 13. a3 Qd7 14. b4 b6 15. Be3 Qb7 16. f3 axb4 17. axb4 e6 18. Rfe1 d5 19. b5 Bd7 20. cxd5 exd5 21. Nxd5 Nxd5 22. Qxd5 Rfb8 23. Bc4 Qxd5 24. Bxd5 Ra3 25. Bf2 Be5 26. Bc6 Be6 27. Red1 Kg7 28. Bd4 Bxd4+ 29. Rxd4 Rc8 30. Rbd1 Rc3 31. Rd8 Rc5 32. Rxc8 Bxc8 33. Rd8 Be6 34. Rb8 Bc4 35. Rxb6 Bd3 36. Rb7 Bc4 37. Kf2 Kf6 38. h4 Ke5 39. Ke3 Bf1 40. f4+ Kf6 41. Bd5 Kg7 42. Rxf7+ Kh6 43. b6 Ba6 44. b7 Rb5 45. e5 Rxd5 46. b8Q Rd3+ 47. Kf2 Rd2+ 48. Kg1 Kh5 49. Qa7 Rd1+ 50. Kh2 Bd3 51. Qe7 h6 52. Qe6 Bf5 53. Rxf5+ gxf5 54. Qxf5+ 1-0